Statistiche per I 20 fiumi più lunghi al mondo

Clicka qui per fare il quiz!

Statistiche generali

  • Questo quiz è stato fatto 132 volte
  • Il punteggio medio è 10 su 20

Statistiche sulle risposte

Posizione (Per aiuto metto anche uno stato in cui scorre)Fiume% Corretto
2 (Egitto)Nilo
100%
1 (Brasile)Rio/Rio delle Amazzoni
100%
3 (Usa)Mississippi
93%
5 (Cina)Fiume Giallo/Giallo
86%
16 (Russia)Volga
78%
4 (Cina)Fiume Azzurro/Azzurro/Yangtze
77%
12 (Niger, NIgeria)Niger
64%
11 (Repubblica Democratica del Congo)Congo
57%
17 (Iran, Iraq, Siria)Eufrate/Shatt al Arab
52%
7 (Laos/Cambogia/Cina)Mekong
49%
6 (Russia asiatica)Ob
46%
14 (Argentina, Brasile, Uruguay)Parana/Rio de la Plata
42%
10 (Russia)Lena
25%
9 (Russia, Cina, Mongolia)Amur
22%
15 (Australia)Murray
19%
13 (Canada)Mackenzie
18%
20 (Usa, Canada)Yukon
18%
8 (Russia)Enisej
14%
19 (Brasile, Bolivia, Perù)Madeira
4%
18 (Brasile, Perù)Purus
4%

Distribuzione punteggi

Percentile per numero di risposta

Percentuale di utenti per punteggio

I tuoi punteggi nel tempo

Non hai fatto questo quiz